000 00686nam a22002057a 4500
005 20100819151222.0
010 _aENG-101010
020 _a9788189293642
_c100.00
035 _aEN-84543
037 _bDBAD/PUB
082 _aN
100 _aJarasandhu,S.
_916070
245 _aThe voyage :
_bpaddi /
_cby S.Jarasandhu ; translated by Ketaki Datta
260 _aKolkata
_bBooks Way Publishers
_c2008
270 _a86A, College Street , YMCA Building
_bKolkata
_e700073
300 _a111p.
_c22cm (Hb)
700 _aDatta, Ketaki
_915279
942 _2ddc
_cEN
_hN
_mJAR
999 _c42588
_d42588